Wissenschaftliche Welt

Na minha lista:
Detalhes bibliográficos
Formato: Periódico
Idioma:alemão
Publicado em: London World Federation of Scientific Workers
Tags: Adicionar Tag
Sem tags, seja o primeiro a adicionar uma tag!

MARC

LEADER 00000nas1a22000001 4500
001 s120931
005 20041019155347.0
041 0 |a ger 
044 |a GB 
245 1 0 |a Wissenschaftliche Welt 
264 1 |a London  |b World Federation of Scientific Workers